01577nam a2200409 i 450000100060000000300080000600500170001400600190003100700150005000800410006502000180010603500230012403500240014703500250017103500220019604000310021805000220024908200140027110000430028524501090032825000230043726400440046030000250050433600310052933700330056033800430059349000500063650400640068665000350075065000210078565000380080665000400084465301550088465500270103983000390106685600620110568869FlNmELB20241217142931.0m o d | cr cnu||||||||131129s2012 mx ob 000 0 spa d z9786074015065 a(MiAaPQ)EBC3215115 a(Au-PeEL)EBL3215115 a(CaPaEBR)ebr10757935 a(OCoLC)1010709907 aFINmELBbspaerdacFINmELB 4aHD1415b.I97 20120 a338.12231 aIzcara Palacios, Simón Pedro,d1966-13aLa era de la post-globalización :bel retorno de los ciclos agrarios /cSimón Pedro Izcara Palacios. aPrimera edición. 1aMéxico, D.F. :bM.A. Porrúa,c2012. a1 recurso en línea atextobtxt2rdacontent/spa acomputadorabc2rdamedia/spa arecurso en líneabcr2rdacarrier/spa1 aSerie Las ciencias sociales. Tercera década aIncluye referencias bibliográficas (páginas 121-[136]). 0aAgriculturexEconomic aspects. 0aBusiness cycles. 0aInternational economic relations. 4aAgriculturaxAspectos económicos. aLocal agricultural marketsaSustainable agriculture, developmentaFood supply, securityaGlobal financial crisisa21st centuryaGlobalizationaHistory 4aLibros electrónicos. 0aColección Las ciencias sociales.40uhttps://elibro.net/ereader/politecnicointernacional/38511